Pays ayant produit un films dans le Top 100 du box-office Francais - Statistiques

Statistiques générales
  • Ce quiz a été pris 121 fois
  • Le résultat moyen est 9 sur 12
Statistiques - réponses
Nombre de films Pays % Correct
53 films Etats-Unis
100%
3 films Espagne
98%
48 films France
95%
9 films Royaume-Uni
94%
18 films Italie
93%
7 films Allemagne
89%
1 film Japon
87%
1 film Belgique
86%
1 film Mexique
74%
2 films Suisse
73%
3 films Nouvelle-Zélande
31%
1 film Yougoslavie
7%
Aucun quiz correspondant
Distribution des résultats
% des personnes avec chaque résultat
Percentile par nombre de réponses
Votre historique - résultats
Vous n’avez pas pris ce quiz